| 000 | 00735nam a2200229Ia 4500 | ||
|---|---|---|---|
| 003 | OSt | ||
| 005 | 20230525152352.0 | ||
| 008 | 210423s2016 xx 000 0 und d | ||
| 020 | _a978-1-259-09875-8 | ||
| 040 | _cAL | ||
| 041 | _aeng | ||
| 082 |
_a032.02 _223 _bSHAG |
||
| 100 |
_aSHARMA (Arun);BHAGAT (Madhukar Kumar);GUHA (Abhijit) _9114046 |
||
| 245 | _aGeneral studies: for civil services preliminary examination paper II 2016 | ||
| 260 |
_aNew Delhi _bMcGrawhill Education _c2016 |
||
| 300 |
_axxvi,SP-103 _bPB |
||
| 365 |
_b995 _cINR |
||
| 650 |
_aGeneral _9114047 |
||
| 650 |
_aGeneral Knowledge _9114048 |
||
| 906 | _a2016 ; civil ; examination ; General ; paper ; preliminary ; services ; studies: | ||
| 942 |
_2ddc _cBK |
||
| 999 |
_c167347 _d167347 |
||